Νεολιθικός πολιτισμός : σύντομη επισκόπηση της νεολιθικής στον ελλαδικό χώρο
Αποθηκεύτηκε σε:
| Κύριος συγγραφέας: | |
|---|---|
| Μορφή: | Βιβλίο |
| Γλώσσα: | Greek |
| Δημοσίευση: |
Αθήνα :
Μορφωτικό Ιδρυμα Εθνικής Τραπέζης,
c1981.
|
| Θέματα: | |
| Ετικέτες: |
Προσθήκη ετικέτας
Δεν υπάρχουν, Καταχωρήστε ετικέτα πρώτοι!
|
MARC
| LEADER | 00000cam a2200000 i 4500 | ||
|---|---|---|---|
| 001 | 1/70548 | ||
| 008 | 960305s1981 gr | ||| |||| ||gre|| | ||
| 020 | |a 9789602500859 |q (χαρτόδετο) | ||
| 035 | |a 1987 |b 1 |c Αγορά/Τσιάκαλος |l 10030682 | ||
| 040 | |a GR-MyUa |b gre |e AACR2 | ||
| 041 | 0 | |a gre | |
| 082 | 7 | |a 938.111 |2 (22) | |
| 100 | 1 | |a Θεοχάρης, Δημήτριος Ρ., |d 1919-1977. | |
| 245 | 1 | 0 | |a Νεολιθικός πολιτισμός : |b σύντομη επισκόπηση της νεολιθικής στον ελλαδικό χώρο / |c Δημητρίου Ρ. Θεοχάρη. |
| 260 | |a Αθήνα : |b Μορφωτικό Ιδρυμα Εθνικής Τραπέζης, |c c1981. | ||
| 300 | |a 192 σ. : |b εικ. ; |c 24 εκ. | ||
| 500 | |a Το παράρτημα Σύρου διαθέτει την δ' ανατύπωση του 2010. | ||
| 500 | |a Το παράρτημα Μυτιλήνης διαθέτει την δ' ανατύπωση του 2010. | ||
| 504 | |a Βιβλιογραφία: σ. 185-[193]. | ||
| 650 | 0 | |a Neolithic period |z Greece. | |
| 852 | |a INST |b LESVOS |c EUDOXUS |e 20210518 |h 938.111 ΘΕΟ |p 005100063380 |q 005100063380 |t EDX |y 0 | ||
| 852 | |a INST |b RHODES |e 19960305 |h 938.111 ΘΕΟ |p 005400003008 |q 005400003008 |t BK |y 0 | ||
| 852 | |a INST |b SYROS |c EUDOXUS |e 20160413 |h 938.111 ΘΕΟ |p 005500011675 |q 005500011675 |t EDX |y 0 | ||
| 920 | |a Εύδοξος |b Παραγγελία |y Σύρος-ΤΜΣΠΣ |z 2016-04 | ||
| 920 | |a Εύδοξος |b Παραγγελία |y Λέσβος-ΤΠΤΕ |z 2021-05 | ||